00424 2200169 4500001002100000005001500021035002000036245003200056100001300088250001700101300003400118260003900152082001000191084001700201020002200218650001400240INLIS00000000000031020240602124201 a0010-06240000191 aTangan Terampil /cKustinah0 aKustinah acetakan ke-1 aviii, 60 hlm :bilus ;c21 cm aJakarta :bCV. Pustaka Baru,c2007 a745.5 a745.5 KUS t a978-979-142-319-9 4aKerajinan